000 005230000a22001690004500
003 MACL
005 20160526124622.0
008 160526b xxu||||| |||| 00| 0 eng d
040 _aMACL
_cMACL
041 _aHindi
082 _a891.433 CHA
100 _aचन्‍दर, कृश्‍न
_943795
245 _aपराजय
_cकृश्‍न चन्‍दर
260 _bएशिया पब्लिशर्स
_c2008
_aनई दिल्‍ली
350 _a200
942 _cHIN
_k891.433/CHA
_2ddc
999 _c44888
_d44888